Top 5 miast pod względem ludności w każdym kraju Europy - Statystyki

Ogólne statystyki
  • Ten quiz został rozwiązany 35 razy
  • Średni wynik to 97 z 222
Statystyki odpowiedzi
Kraj Miasto % Poprawnych
Albania Tirana
100%
Belgia Bruksela
93%
Białoruś Mińsk
93%
Bośnia i Hercegowina Sarajewo
93%
Austria Wiedeń
93%
Grecja Ateny
89%
Czarnogóra Bar
89%
Hiszpania Barcelona
89%
Finlandia Helsinki
89%
Francja Lyon
89%
Hiszpania Madryt
89%
Francja Paryż
89%
Czechy Praga
89%
Bułgaria Sofia
89%
Estonia Tallinn
89%
Chorwacja Zagrzeb
89%
Holandia Amsterdam
86%
Irlandia Dublin
86%
Dania Kopenhaga
86%
Polska Kraków
86%
Francja Marsylia
86%
Polska Poznań
86%
Islandia Reykjavík
86%
Macedonia Północna Skopje
86%
Polska Warszawa
86%
Litwa Wilno
86%
Turcja Ankara
82%
Serbia Belgrad
82%
Niemcy Berlin
82%
Słowacja Bratysława
82%
Węgry Budapeszt
82%
Rumunia Bukareszt
82%
Austria Innsbruck
82%
Ukraina Kijów
82%
Mołdawia Kiszyniów
82%
Austria Linz
82%
Portugalia Lizbona
82%
Polska Łódź
82%
Wielka Brytania Londyn
82%
Luksemburg Luksemburg
82%
Rosja Moskwa
82%
Norwegia Oslo
82%
Czarnogóra Podgorica
82%
Kosowo Prisztina
82%
Łotwa Ryga
82%
Włochy Rzym
82%
Austria Salzburg
82%
Szwecja Sztokholm
82%
Liechtenstein Vaduz
82%
Polska Wrocław
82%
Belgia Antwerpia
79%
Holandia Haga
79%
Niemcy Hamburg
79%
Słowenia Lublana
79%
Włochy Mediolan
79%
Niemcy Monachium
79%
Monako Monako
79%
Rosja Petersburg
79%
Holandia Rotterdam
79%
Grecja Saloniki
79%
Chorwacja Split
79%
Turcja Stambuł
79%
Watykan Watykan
79%
Szwajcaria Berno
75%
Ukraina Charków
75%
Ukraina Donieck
75%
Szwajcaria Genewa
75%
Szwecja Göteborg
75%
Austria Graz
75%
Czechy Ostrawa
75%
Portugalia Porto
75%
San Marino San Marino
75%
Hiszpania Sewilla
75%
Wielka Brytania Birmingham
71%
Litwa Kowno
71%
Włochy Neapol
71%
Włochy Turyn
71%
Hiszpania Walencja
71%
Czechy Brno
68%
Szwecja Malmö
68%
Francja Nicea
68%
Szwajcaria Zurych
68%
Portugalia Braga
64%
Wielka Brytania Glasgow
64%
Białoruś Grodno
64%
Niemcy Kolonia
64%
Ukraina Odessa
64%
Szwajcaria Bazylea
61%
Włochy Palermo
61%
Czechy Pilzno
61%
Norwegia Trondheim
61%
Holandia Eindhoven
57%
Wielka Brytania Leeds
57%
Słowenia Maribor
57%
Irlandia Cork
54%
Białoruś Homel
54%
Czechy Liberec
54%
Serbia Nowy Sad
54%
Bułgaria Płowdiw
54%
Chorwacja Rijeka
54%
Mołdawia Tyraspol
54%
Bułgaria Warna
54%
Niemcy Frankfurt nad Menem
50%
Belgia Gandawa
50%
Litwa Kłajpeda
50%
Słowacja Koszyce
50%
Belgia Liege
50%
Hiszpania Saragossa
50%
Norwegia Bergen
46%
Ukraina Dniepr
46%
Turcja Izmir
46%
Rumunia Kluż-Napoka
46%
Dania Odense
46%
Francja Tuluza
46%
Rosja Kazań
43%
Szwajcaria Lozanna
43%
Dania Aarhus
39%
Bośnia i Hercegowina Banja Luka
39%
Węgry Debreczyn
39%
Malta Mosta
39%
Wielka Brytania Sheffield
39%
Chorwacja Zadar
39%
Dania Aalborg
36%
Bośnia i Hercegowina Mostar
36%
Holandia Utrecht
36%
Rosja Nowosybirsk
32%
Chorwacja Osijek
32%
Białoruś Witebsk
32%
Białoruś Mohylew
29%
Turcja Bursa
25%
Belgia Charleroi
25%
Łotwa Dyneburg
25%
Rosja Jekaterynburg
25%
Słowenia Koper
25%
Finlandia Oulu
25%
Norwegia Stavanger
25%
Szwecja Uppsala
25%
Słowenia Celje
21%
Grecja Heraklion
21%
Słowenia Kranj
21%
Słowacja Preszów
21%
Finlandia Tampere
21%
Słowacja Żylina
21%
Bułgaria Burgas
18%
Albania Durrës
18%
Finlandia Espoo
18%
Rumunia Jassy
18%
Islandia Keflavík
18%
Estonia Narwa
18%
Estonia Tartu
18%
Andora Andora La Vella
14%
Irlandia Galway
14%
Litwa Poniewież
14%
San Marino Serravalle
14%
Rumunia Timisoara
14%
Islandia Akureyri
11%
Luksemburg Dudelange
11%
Dania Esbjerg
11%
Rumunia Konstanca
11%
Węgry Miszkolc
11%
Serbia Nisz
11%
Kosowo Peć
11%
Turcja Adana
7%
Luksemburg Differdange
7%
Łotwa Jełgawa
7%
Irlandia Limerick
7%
Łotwa Lipawa
7%
Słowacja Nitra
7%
Liechtenstein Schaan
7%
Węgry Segedyn
7%
Litwa Szawle
7%
Albania Szkodra
7%
Macedonia Północna Tetowo
7%
Portugalia Vila Nova de Gaia
7%
Mołdawia Bielce
4%
Malta Birkirkara
4%
Macedonia Północna Bitola
4%
Czarnogóra Cetynia
4%
Andora Encamp
4%
Andora Escaldes-Engordany
4%
Luksemburg Ettelbruck
4%
Islandia Hafnarfjörður
4%
Serbia Kragujevac
4%
Grecja Larisa
4%
Czarnogóra Nikšić
4%
Estonia Parnawa
4%
Grecja Patras
4%
Węgry Pecz
4%
Malta St. Paul's Bay
4%
Serbia Subotica
4%
Bośnia i Hercegowina Tuzla
4%
Finlandia Vantaa
4%
Albania Wlora
4%
Bośnia i Hercegowina Zenica
4%
Portugalia Amadora
0%
Liechtenstein Balzers
0%
Mołdawia Bendery
0%
San Marino Borgo Maggiore
0%
Kosowo Djakowica
0%
San Marino Domagano
0%
Albania Elbasan
0%
Liechtenstein Enschen
0%
Luksemburg Esch-sur-Alzette
0%
San Marino Fiorentino
0%
Norwegia Fredrikstad
0%
Łotwa Jurmała
0%
Estonia Kohtla-Järve
0%
Islandia Kópavogur
0%
Macedonia Północna Kumanowo
0%
Andora La Massana
0%
Czarnogóra Pljevlja
0%
Macedonia Północna Prilep
0%
Kosowo Prizren
0%
Malta Qormi
0%
Bułgaria Ruse
0%
Mołdawia Rybnica
0%
Andora Sant Julià de Lòria
0%
Malta Silema
0%
Liechtenstein Triesen
0%
Kosowo Uroševac
0%
Szwecja Västerås
0%
Irlandia Waterford
0%
Nie znaleziono quizów pasujących do podanych kryteriów
Rozkład punktacji
Procent ludzi z każdym wynikiem
Percentyl według liczby udzielonych odpowiedzi
Twoja historia wyników
Nie rozwiązałeś tego quizu